| 000 | 00972cam a22002651 4500 | ||
|---|---|---|---|
| 001 | 3116794 | ||
| 005 | 19860807000000.0 | ||
| 008 | 780509s1967 nyua b 001 0 eng | ||
| 010 | _a 67010876 | ||
| 040 |
_aDLC _cIEN _dDLC |
||
| 050 | 0 | 0 |
_aTJ755 _b.L5 1967 |
| 082 | 0 | 0 |
_a621.43 _222 _bLIC |
| 100 | 1 |
_aLichty, Lester Clyde, _d1891-1972. _96765 |
|
| 245 | 1 | 0 |
_aCombustion Engine Processes/ _cLester C. Lichty. |
| 260 |
_aNew York, _bMcGraw-Hill _c[1967] |
||
| 300 |
_aix, 654 p. : _bill. ; _c23 cm. |
||
| 490 | 0 | _aMcGraw-Hill series in mechanical engineering | |
| 500 | _aPart of illustrative matter in pocket. | ||
| 500 | _aFormerly published under title: Internal-combustion engines. | ||
| 504 | _aBibliographical footnotes. | ||
| 650 | 0 |
_aInternal combustion engines. _96766 |
|
| 942 |
_2ddc _cBB |
||
| 999 |
_c11986 _d11986 |
||